00671nam a2200229Ia 4500003000900000008004100009040001300050040001300063041000800076100001900084245002500103250002300128260002100151260000900172300001100181300001000192490002700202490000600229942000700235999001700242952018200259IT-RoPAU120407s9999 xx 000 0 und d aIT-RoPAU cIT-RoPAU aita aLuigi Santucci aIl ballo della sposa aCinisello Balsamo  aEdizioni Paoline c1985 a134 p. c22 cm aI dodici dello Zodiaco v2 cBK c25283d25283 00102ddc406808_23200000000000071aPAULUSbPAULUSd2012-04-11l0o808.232r2012-04-11 00:00:00w2012-04-11yBKzInserito da: In data: n.d. fondo: Via A.Severo 56 Progr:11768